Villes de France ayant le métro - Statistiques

Statistiques générales
  • Ce quiz a été pris 2 623 fois
    2 354 depuis la dernière actualisation
  • Le résultat moyen est 6 sur 6
Statistiques - réponses
Date de mise
en service
Dernier
agrandissement
Longueur (km) Métropole % Correct
1900 2022 226,9 Paris
100%
1974 2013 32,1 Lyon
97%
1977 2019 22,7 Marseille
97%
1983 2000 43,7 Lille
92%
1993 2007 28,2 Toulouse
87%
2002 2022 23,5 Rennes
77%
Aucun quiz correspondant
Distribution des résultats
% des personnes avec chaque résultat
Percentile par nombre de réponses
Votre historique - résultats
Vous n’avez pas pris ce quiz depuis la dernière actualisation